Sehat-E-Alfaaz (Record no. 11374)

MARC details
000 -LEADER
fixed length control field 00612nam a2200241 a 4500
020 ## - INTERNATIONAL STANDARD BOOK NUMBER
ISBN
082 00 - DEWEY DECIMAL CLASSIFICATION NUMBER
Classification number 491.43982
Author Cutter BAD
100 ## - MAIN ENTRY--AUTHOR NAME
Author name Badrul Hasan, Syed
245 ## - TITLE STATEMENT
Title Sehat-E-Alfaaz
260 ## - PUBLICATION, DISTRIBUTION, ETC. (IMPRINT)
Place of publication New Delhi
Name of publisher Qaumi Council Barai Taraqi-E-Urdu Lang
Year of publication 1999
300 ## - PHYSICAL DESCRIPTION
Number of Pages 253p
500 ## - GENERAL NOTE
General note includes index and biblioraphy
505 2# - FORMATTED CONTENTS NOTE
Formatted contents note General Index of reference
650 ## - SUBJECT ADDED ENTRY--TOPICAL TERM
Topical Term Urdu-Grammar
942 ## - ADDED ENTRY ELEMENTS (KOHA)
Koha item type Books
700 1# -
-- Badrul Hasan, Syed
Holdings
Collection code Home library Current library Date acquired Cost, normal purchase price Full call number Accession Number Koha item type
  Henry Martyn Institute Library Henry Martyn Institute Library 06/08/2007 63.00 491.43982 BAD 019815 Books
                   Copyright © 2026 | Henry Martyn Institute | Hyderabad | TS-500052 | INDIA | Implemented by hmi.edu.in
Hit-Count:

Powered by Koha